Estate planning for owners of closely held corporations

Bibliographic Details
Main Author: Brogan, Jr. Francis B.
Corporate Author: Institute for Business Planning, Inc
Format: Book
Published: Englewood Cliffs, N.J. : Institute for Business Planning , 1982
Subjects:

MARC

LEADER 00000cam a2200000 7i4500
001 0000000929
005 20050426.0
020 |a 0876241364 
040 |a INS 
090 0 0 |a RKF1466.   |b B76 1982 
100 1 |a Brogan, Jr. Francis B. 
245 1 0 |a Estate planning for owners of closely held corporations   |c Francis B. Brogan Jr. 
260 |a Englewood Cliffs, N.J. :   |b Institute for Business Planning ,   |c 1982 
300 |a xxii, 276p. ;   |c 28 cm. 
650 0 0 |a Close corporations   |x Taxation   |z United States 
650 0 0 |a Close corporations   |z United States 
650 0 0 |a Estate planning   |z United States 
710 2 |a Institute for Business Planning, Inc. 
999 |a 0000001372   |b BOOK   |c Open Shelf   |e Default branch